Aina Haqq Numa, Part 1 & 2 Bound Together (Record no. 6588)

MARC details
000 -LEADER
fixed length control field 00651nam a2200241 a 4500
020 ## - INTERNATIONAL STANDARD BOOK NUMBER
ISBN
082 00 - DEWEY DECIMAL CLASSIFICATION NUMBER
Classification number 297.294
Author Cutter VID
100 ## - MAIN ENTRY--AUTHOR NAME
Author name Vidhiyarthi, Abdul Haqq
245 ## - TITLE STATEMENT
Title Aina Haqq Numa, Part 1 & 2 Bound Together
260 ## - PUBLICATION, DISTRIBUTION, ETC. (IMPRINT)
Place of publication Lahore
Name of publisher Ahmadiyya Anjuman Ishaat-E-Islam
Year of publication 0000
300 ## - PHYSICAL DESCRIPTION
Number of Pages 00p
500 ## - GENERAL NOTE
General note includes index and biblioraphy
505 2# - FORMATTED CONTENTS NOTE
Formatted contents note Part One and Two Bound Together
650 ## - SUBJECT ADDED ENTRY--TOPICAL TERM
Topical Term Islam-Apologetic Works
942 ## - ADDED ENTRY ELEMENTS (KOHA)
Koha item type Books
700 1# -
-- Vidhiyarthi, Abdul Haqq
Holdings
Collection code Home library Current library Date acquired Cost, normal purchase price Full call number Accession Number Koha item type
  Henry Martyn Institute Library Henry Martyn Institute Library 08/01/2007 100.00 297.294 VID 013558 Books
                   Copyright © 2026 | Henry Martyn Institute | Hyderabad | TS-500052 | INDIA | Implemented by hmi.edu.in
Hit-Count:

Powered by Koha